इलेक्ट्रॉनिकस : (Record no. 118489)
[ view plain ]
| 000 -LEADER | |
|---|---|
| fixed length control field | 01131nam a22002537a 4500 |
| 005 - DATE AND TIME OF LATEST TRANSACTION | |
| control field | 20170124103114.0 |
| 010 ## - LIBRARY OF CONGRESS CONTROL NUMBER | |
| LC control number | B-197944 |
| 020 ## - INTERNATIONAL STANDARD BOOK NUMBER | |
| Terms of availability | 200.00 |
| International Standard Book Number | 8190218921 |
| 035 ## - SYSTEM CONTROL NUMBER | |
| System control number | B-197944 |
| 037 ## - SOURCE OF ACQUISITION | |
| Source of stock number/acquisition | Cen Lib/Ret |
| 040 ## - CATALOGING SOURCE | |
| Original cataloging agency | DPL |
| Language of cataloging | HN |
| 082 ## - DEWEY DECIMAL CLASSIFICATION NUMBER | |
| Classification number | 621.3 |
| Item number | भटना |
| 100 ## - MAIN ENTRY--PERSONAL NAME | |
| Personal name | भटनागर , मनोज |
| 9 (RLIN) | 80480 |
| 245 ## - TITLE STATEMENT | |
| Title | इलेक्ट्रॉनिकस : |
| Statement of responsibility, etc | मनोज भटनागर |
| Remainder of title | और उनकी देखभाल / |
| 246 ## - VARYING FORM OF TITLE | |
| Title proper/short title | Electronics aur unki dekhbhal |
| Remainder of title | byManoj Bhatnagar |
| 260 ## - PUBLICATION, DISTRIBUTION, ETC. (IMPRINT) | |
| Place of publication, distribution, etc | दिल्ली |
| Name of publisher, distributor, etc | खुराना एंड संस |
| Date of publication, distribution, etc | 2005 |
| 270 ## - ADDRESS | |
| Address | 94, मानक विहार |
| City | दिल्ली |
| Postal code | 110092 |
| 300 ## - PHYSICAL DESCRIPTION | |
| Extent | 159पृष्ठ. : |
| Dimensions | 21सेमी(सजिल्द) |
| Other physical details | चित्र. |
| 650 ## - SUBJECT ADDED ENTRY--TOPICAL TERM | |
| Topical term or geographic name as entry element | इलेक्ट्रॉनिक विज्ञान |
| 9 (RLIN) | 3594 |
| 650 ## - SUBJECT ADDED ENTRY--TOPICAL TERM | |
| Topical term or geographic name as entry element | इलेक्ट्रॉनिक - सामान्य जानकारी |
| 9 (RLIN) | 80481 |
| 650 ## - SUBJECT ADDED ENTRY--TOPICAL TERM | |
| Topical term or geographic name as entry element | Electronic Science |
| 9 (RLIN) | 80482 |
| 650 ## - SUBJECT ADDED ENTRY--TOPICAL TERM | |
| Topical term or geographic name as entry element | Electronic - General Information |
| 9 (RLIN) | 80483 |
| 942 ## - ADDED ENTRY ELEMENTS (KOHA) | |
| Source of classification or shelving scheme | Dewey Decimal Classification |
| Koha item type | Hindi Books |
| Classification part | 621.3 |
| Call number suffix | भटना |
| Withdrawn status | Lost status | Damaged status | Not for loan | Home library | Current library | Date acquired | Source of acquisition | Cost, normal purchase price | Total Checkouts | Full call number | Barcode | Date last seen | Date checked out | Copy number | Cost, replacement price | Price effective from | Koha item type |
|---|---|---|---|---|---|---|---|---|---|---|---|---|---|---|---|---|---|
| Central Library | Central Library | 11/09/2015 | Cen Lib/Ret | 200.00 | 3 | 621.3 भटना | B-197944 | 15/07/2018 | 01/07/2018 | 1 | 200.00 | 11/09/2015 | Hindi Books |
